000 00498nam a2200169Ia 4500
008 240729s9999 xx 000 0 und d
022 _a2545-2533
245 0 _aCritical Care Innovations
260 _aPoland
260 _bTowarzystwo Pomocy Doraźnej
650 _a Internal medicine
650 _a Medical emergencies. Critical care. Intensive care. First aid
650 _aMedicine
856 _uhttps://doaj.org/toc/068e20f68fe54f7ebdecb9fc15a1f066
942 _2ddc
942 _cDOAJEJ
999 _c69026
_d69026
945 _a1
_bMadushi Gamage
_c1
_dMadushi Gamage